Errate die Stadt anhand ihres Wahrzeichens - Deutschland - Statistiken

Allgemein
  • Dieses Quiz wurde 46 mal gespielt
    25 seit der letzten Aktualisierung
  • Das Durchschnittsergebnis liegt bei 6 aus 12
Antwortstatistiken
Bildquiz Antwort % Korrekt
Berlin
100%
Köln
100%
Hamburg
95%
Dresden
60%
Frankfurt
60%
Stuttgart
50%
Düsseldorf
45%
Bamberg
40%
Bremen
35%
Munich
20%
Bonn
15%
Leipzig
10%
Keine übereinstimmenden Quizze gefunden
Verteilung der Resultate
Anzahl Personen mit jedem Resultat
Perzentil nach korrekt beantworteten Fragen
Ihre Resultats-Entwicklung
Sie haben dieses Quiz seit der letzten Aktualisierung nicht gespielt